000
00310nam a2200145Ia 4500
005
20260513122052.0
020
_a
9780262047326
100
_a
Cotton
365
_c
365
_b
25.00
942
_c
BK
245
_a
Microprediction: Building an Open AI Network
260
_b
MIT Press
999
_c
79
_d
79